Universal meta data models

Αποθηκεύτηκε σε:
Λεπτομέρειες βιβλιογραφικής εγγραφής
Κύριος συγγραφέας: Marco, David 1967-
Άλλοι συγγραφείς: Jennings, Michael
Μορφή: Βιβλίο
Γλώσσα:English
Δημοσίευση: Indianapolis, Ind. : Wiley, c2004
Θέματα:
Ετικέτες: Προσθήκη ετικέτας
Δεν υπάρχουν, Καταχωρήστε ετικέτα πρώτοι!

MARC

LEADER 00000nam a2200000 i 4500
001 1/55159
008 070918s2004 eng d
020 |a 0-471-08177-9 (pbk.) 
035 |l 10090787 
040 |a GR-MY-UA  |b gre  |e aacr 
041 0 |a eng 
082 0 |a 005.74  |2 (22) 
100 1 |a Marco, David  |d 1967- 
245 1 0 |a Universal meta data models /  |c David Marco, Michael Jennings 
260 |a Indianapolis, Ind. :   |b Wiley,   |c c2004 
300 |a xxii, 456 σ.;  |b σχ., πίν.;  |c 24 εκ.+  |e 1 οπτική δισκέτα λέϊζερ Η/Υ (4 3/4 ίν.) 
504 |a Βιβλιογραφία: σ. 437-438 
504 |a Περιέχει ευρετήριο 
650 0 0 |a Metadata. 
650 0 0 |a Database management. 
700 1 |a Jennings, Michael. 
852 |a INST  |b LESVOS  |e 20070918  |h 005.74 MAR  |p 005100039081  |q 005100039081  |t BK  |y 0 
852 |a INST  |b LESVOS  |e 20070918  |h 005.74 MAR   |p 005100039080  |q 005100039080  |t BK  |y 0 
901 |a BIBL1-2007-3 
909 |a Λ  |b 139050 
909 |a Λ  |b 132918 
922 |a 1ΕΛΗ  |b 200709  |c ΕΠΕΑΕΚ2/ΠΤΕ  |d ΠΑΠΑΣΩΤΗΡΙΟΥ 
970 |a ΒΑΡΚΑ  |b ΕΛΕΥΘΕΡΙΑ  |z 2007/09/18